Breaking Bad Actors by Character - Statistics

General Stats
  • This quiz has been taken 53 times
    51 since last reset
  • The average score is 13 of 30
Answer Stats
Character Actor % Correct
Jesse Pinkman Aaron Paul
100%
Walter White Bryan Cranston
100%
Hank Schrader Dean Norris
92%
Skyler White Anna Gunn
90%
Saul Goodman Bob Odenkirk
90%
Gustavo Fring Giancarlo Esposito
79%
Walter White Jr. RJ Mitte
74%
Marie Schrader Betsy Brandt
72%
Mike Ehrmantraut Jonathan Banks
72%
Hector Salamanca Mark Margolis
56%
Patrick Kuby Bill Burr
46%
Todd Alquist Jesse Plemons
44%
Tuco Salamanca Raymond Cruz
44%
Skinny Pete Charles Baker
36%
Badger Mayhew Matt Jones
36%
Jane Margolis Krysten Ritter
33%
Steven Gomez Steven Michael Quezada
31%
Lydia Rodarte-Quayle Laura Fraser
28%
Huell Babineaux Lavell Crawford
28%
Ted Beneke Christopher Cousins
23%
Gale Boetticher David Costabile
23%
Eladio Vuente Steven Bauer
21%
Andrea Cantillo Emily Rios
15%
Krazy-8 Max Arciniega
15%
Jack Welker Michael Bowen
15%
Juan Bolsa Javier Grajeda
10%
Bogdan Wolynetz Marius Stan
10%
Francesca Liddy Tina Parker
10%
Declan Louis Ferreira
8%
Tyrus Kitt Ray Campbell
8%
No matching quizzes found
Score Distribution
Percent of People with Each Score
Percentile by Number Answered
Your Score History
You have not taken this quiz since the last reset